Construction project management / (Record no. 7760)

MARC details
000 -LEADER
fixed length control field 00979nac a22003015a 4500
008 - FIXED-LENGTH DATA ELEMENTS--GENERAL INFORMATION
fixed length control field 150817t2003 n a fr 001 0 eng d
010 ## - LIBRARY OF CONGRESS CONTROL NUMBER
LC control number 2002019602
020 ## - INTERNATIONAL STANDARD BOOK NUMBER
International Standard Book Number 0130480541
020 ## - INTERNATIONAL STANDARD BOOK NUMBER
International Standard Book Number 9780130480545
035 ## - SYSTEM CONTROL NUMBER
System control number (OCoLC)ocm48892651
040 ## - CATALOGING SOURCE
Original cataloging agency EG-ScBUE
Language of cataloging eng
Transcribing agency EG-ScBUE
082 04 - DEWEY DECIMAL CLASSIFICATION NUMBER
Classification number 690
Item number GOU
Edition number 22
100 1# - MAIN ENTRY--PERSONAL NAME
Personal name Gould, Frederick E.,
245 10 - TITLE STATEMENT
Title Construction project management /
Statement of responsibility, etc Frederick E. Gould, Nancy E. Joyce.
250 ## - EDITION STATEMENT
Edition statement 2nd ed.
260 ## - PUBLICATION, DISTRIBUTION, ETC. (IMPRINT)
Place of publication, distribution, etc Upper Saddle River, New Jersey :
Name of publisher, distributor, etc Prentice Hall,c2003.
Date of publication, distribution, etc c.2003.
300 ## - PHYSICAL DESCRIPTION
Extent xix, 426 p. :
Other physical details ill. ;
Dimensions 25 cm.
500 ## - GENERAL NOTE
General note Index : p. 413-426.
500 ## - GENERAL NOTE
General note Distributer: Baccah.
504 ## - BIBLIOGRAPHY, ETC. NOTE
Bibliography, etc Includes bibliographic references.
590 ## - LOCAL NOTE (RLIN)
Local note Catalogued By: Mostafa El-Helaly
650 #0 - SUBJECT ADDED ENTRY--TOPICAL TERM
Topical term or geographic name as entry element Building
General subdivision Superintendence.
Source of heading or term BUEsh
650 #0 - SUBJECT ADDED ENTRY--TOPICAL TERM
Topical term or geographic name as entry element Project management.
Source of heading or term BUEsh
651 ## - SUBJECT ADDED ENTRY--GEOGRAPHIC NAME
Source of heading or term BUEsh
653 ## - INDEX TERM--UNCONTROLLED
Arrived date list August2015
700 1# - ADDED ENTRY--PERSONAL NAME
Personal name Joyce, Nancy
Fuller form of name (Nancy Eleanor)
9 (RLIN) 20006
942 ## - ADDED ENTRY ELEMENTS (KOHA)
Item type
Call number prefix 690GOU
Source of classification or shelving scheme Dewey Decimal Classification
Holdings
Withdrawn status Item status Source of classification or shelving scheme Damaged status Not for loan Home library Current library Shelving location Date acquired Source of acquisition Total Checkouts Total Renewals Full call number Barcode Date last seen Date last borrowed Koha item type Vendor
    Dewey Decimal Classification     Central Library Central Library First floor 05/02/2008 Purchase 7 7 690 GOU 000009203 15/07/2025 15/11/2014 Book - Borrowing  
    Dewey Decimal Classification     Central Library Central Library First floor 05/02/2008 Purchase 5   690 GOU 000009202 15/07/2025 15/11/2014 Book - Borrowing  
    Dewey Decimal Classification     Central Library Central Library First floor 05/02/2008 Purchase 8 2 690 GOU 000006334 15/07/2025 01/12/2014 Book - Borrowing  
    Dewey Decimal Classification     Central Library Central Library First floor 05/02/2008 Purchase 15 60 690 GOU 000009201 15/07/2025 10/07/2019 Book - Borrowing  
    Dewey Decimal Classification     Central Library Central Library First floor 30/09/2010       690 GOU 000006333 15/07/2025   NB - Book (Non borrowing) Baccah
    Dewey Decimal Classification     Central Library Central Library First floor 14/05/2018   1 11 690 GOU 000047764 15/07/2025 27/09/2018 Book - Borrowing